Cerámica / (Record no. 26215)

MARC details
000 -LEADER
campo de control de longitud fija 00797nam a2200217 i 4500
001 - NÚMERO DE CONTROL
campo de control 26215
003 - IDENTIFICADOR DE NÚMERO DE CONTROL
campo de control ES-MaACL
005 - FECHA Y HORA DE LA ÚLTIMA TRANSACCIÓN
campo de control 20260213172531.0
007 - CAMPO FIJO DE DESCRIPCIÓN FÍSICA--INFORMACIÓN GENERAL
campo de control de longitud fija t|
008 - DATOS DE LONGITUD FIJA--INFORMACIÓN GENERAL
campo de control de longitud fija 030108s1952 sp ||||1| spa d
100 1# - ENTRADA PRINCIPAL--NOMBRE DE PERSONA
Nombre de persona Almagro Basch, Martín.
9 (RLIN) 20073
245 10 - MENCIÓN DEL TÍTULO
Título Cerámica /
Mención de responsabilidad, etc. Martín Almagro Basch ; Prólogo de Juan Ainaud de Lasarte ; Introducción por Martín Almagro Basch.
260 ## - PUBLICACIÓN, DISTRIBUCIÓN, ETC.
Lugar de publicación, distribución, etc. Barcelona :
Nombre del editor, distribuidor, etc. [s.n.,
Fecha de publicación, distribución, etc. 1952] (
Fabricante Hija de J. Ferrer Coll, imp)
300 ## - DESCRIPCIÓN FÍSICA
Extensión 66 p., 78 lám. ;
Dimensiones 25 cm.
505 8# - NOTA DE CONTENIDO CON FORMATO
Nota de contenido con formato Contiene: I. Aragon-Muel / por Martín María Almagro Basch y Luis Mª Lluviá Munné
700 1# - ENTRADA AGREGADA--NOMBRE PERSONAL
Nombre de persona Ainaud de Lasarte, Joan,
Fechas asociadas al nombre 1919-1995
9 (RLIN) 18980
700 1# - ENTRADA AGREGADA--NOMBRE PERSONAL
Nombre de persona Lluviá Munné, Luis María.
9 (RLIN) 72979
740 0# - ENTRADA AGREGADA--TÍTULO RELACIONADO/ANALÍTICO NO CONTROLADO
Título relacionado o analítico no controlado Aragon-Muel.
852 ## - LOCALIZACIÓN
Ubicación ES-MaACL
Número de control de estantería E-4543
Holdings
Estatus retirado Estado de pérdida Estado de daño No para préstamo Biblioteca de origen Biblioteca actual Ubicación en estantería Fecha de adquisición Fuente de adquisición Total de préstamos Signatura topográfica completa Código de barras Visto por última vez Precio de reemplazo Tipo de ítem Koha
        Biblioteca del Ateneo de Madrid Biblioteca del Ateneo de Madrid Depósito 2 17/01/2008     E-4543 1027054 23/02/2023 23/02/2023 Libro impreso